000 00409 a2200133 4500
001 87781
082 _aPR 158
090 _c41241
_d41241
100 _aAbid Hussain, Plt Off 15489 70 EC
245 _aDesign and manufacturing of a die for thermoplastic honeycomb structure 3'X2' panel
260 _aRisalpur
_bNUST Risalpur
_c2011
300 _a32p.
_eTaimur Qureshi, Wg Cdr (R)
500 _aBE Project Reports
942 _aCAE NUST
_kPR 158
999 _c322854
_d322854